000 00652nam a22001817a 4500
005 20160902140650.0
010 _aENG-115878
020 _a9789351508786
_c1195.00
035 _aEN-99410
037 _bDBAD/PUB
082 _a330
245 _aEconomic challenges for the contemporary world :
_cedited by Mausumi Das,Sabyasanchi Kar [and] Nandan Nawn
_bessays in honour of Prabhat Patnik /
260 _aNew Delhi
_bSAGE Publications
_c2016
270 _aB1/1-1Mohan Cooperative Industrial Area,Mathura Road
_bNew Delhi
_e110044
300 _axvi,324p, :
_c24cm (Hb)
_bill
500 _aIncludes index
942 _2ddc
_cEN
_mECO
_h330
999 _c102935
_d102935